LEADER 01197nam a2200253 u 4500 001 000000058096 003 CaOOAMICUS 005 20070226120644.0 008 010525s1957 wiu u000 u eng u 035 $a10890398 040 $aPUL(R)$bita 100 1 $aFriedrich, Carl Joachim,$d1901-$0(OLS)http://pul/name/40406 245 10$aConstitutional reason of State :$bthe survival of the Constitutional order /$cC.J. Friedrich. 260 $aProvidence ;$aRhone Island :$bBroun University Press,$c1957. 300 $a131 p. ;$c20 cm 490 1 $aThe Colver Lectures (Brown University) 650 4$aPolitica.$0(OLS)http://pul/subject/480 650 4$aStato$xConcetto.$0(OLS)http://pul/subject/7404 830 4$aThe Colver Lectures (Brown University).$0(OLS)http://pul/title/77801 850 $aPUL 852 $aPUL$W1$xDP1 Altre Collocazioni$y17$mSenza collocazione$j12$nBK-PRI$b $qStampati$B75925$CPULBib$Z2$F75925 $H $81 941 1 $a8 996 $6245$aConstitutional reason of State :$bthe survival of the Constitutional order$9(OLS)http://pul/title/77800 996 $6260$aProvidence ;$aRhone Island :$bBroun University Press$9(OLS)http://pul/publisher/69588 LEADER 01597nam a2200337 a 4500 001 000000149183 003 CaOOAMICUS 005 20160208111317.0 008 160208s2015 it 000 u ita r 020 $a978-88-311-8239-3* 032 $aLibriCat 040 $aPUL$bita 041 1 $aita$hlat 100 0 $aHilarius,$cs., vesc. di Poitiers,$dc. 315-367.$0(OLS)http://pul/name/6908 240 10$aAd Constantium.$lItaliano.$0(OLS)http://pul/title/188093 245 10$aA Costanzo, Inni /$cIlario di Poitiers ; introduzione di Luigi Longobardo ; traduzione e note a cura di Pasquale Giustiniani. 260 $aRoma :$bCittà Nuova,$c©2015. 300 $a102 p. ;$c20 cm. 490 1 $aCollana di testi patristici ;$v239 700 1 $aGiustiniani, Pasquale,$d1951-$0(OLS)http://pul/name/40111 700 1 $aLongobardo, Luigi,$d1951-$0(OLS)http://pul/name/374 830 0$aCollana di testi patristici ;$v239.$0(OLS)http://pul/title/17027 850 $aPUL 852 $aPUL$W1$xSL Cons. Gen., Altre Classi 1$y1$m2000 E 239$j171851$qStampati$B173415$CPULBib$Z2$F173415 $H127099 $81 852 $aPUL$W1$xDP2 Cons. Gen., Altre Classi 1$y61$m2000 E 239B$j195067$bseconda copia$qStampati$B199967$CPULBib$Z2$F199967 $H132174 $81 900 $aIlario di Poitiers,$cs.,$dc. 315-367$96908 941 1 $a8 996 $6020$a978-88-311-8239-3*$9(OLS)http://pul/number/159566 996 $6245$aA Costanzo, Inni$9(OLS)http://pul/title/188094 996 $6260$aRoma :$bCittà Nuova$9(OLS)http://pul/publisher/47927